[Event "Bad Harzburg op"]
[Site "Bad Harzburg"]
[Date "2007.10.26"]
[Round "6"]
[White "Brouer, Pieter"]
[Black "Giel, Olaf"]
[Result "0-1"]
[WhiteElo "1922"]
[BlackElo "2124"]
[PlyCount "76"]
[EventDate "2007.10.23"]
[EventType "swiss"]
[EventRounds "7"]
[EventCountry "GER"]
[SourceTitle "EXT 2009"]
[Source "ChessBase"]
[SourceDate "2008.11.26"]
[SourceVersion "1"]
[SourceVersionDate "2008.11.26"]
[SourceQuality "1"]

1. Nf3 d5 2. d4 Nf6 3. e3 g6 4. b3 Bg7 5. Bb2 0-0 6. Bd3 Nbd7 7. Nbd2 e5 8. Nxe5 Nxe5 9. dxe5 Ng4 10. f4 Nxe3 11. Qf3 Nf5 12. 0-0-0 h5 13. h3 h4 14. g4 hxg3 15. Nf1 Qh4 16. Bxf5 g2 17. Qxg2 Qxf4+ 18. Kb1 Bxf5 19. Ng3 Be6 20. Rdf1 Qh4 21. Ne2 c6 22. Rf4 Qh5 23. Qf2 Rae8 24. Ng3 Qh8 25. Rf6 Bxf6 26. exf6 Qh4 27. Qf3 b6 28. Rg1 c5 29. Be5 Rd8 30. Kb2 Rfe8 31. Nh5 Qe4 32. Qg3 Bf5 33. Qg5 Qxe5+ 34. Ka3 b5 35. c3 b4+ 36. cxb4 cxb4+ 37. Kxb4 Rb8+ 38. Ka3 Re6 0-1